| 000 | 01372nam a2200313 i 4500 | ||
|---|---|---|---|
| 003 | DO-SdBNP | ||
| 005 | 20250520114427.0 | ||
| 007 | ta | ||
| 008 | 240220s1987 ve a 000 j spa d | ||
| 040 |
_aDO-SdBNP _bspa _cBNPHU _erda |
||
| 041 | _aspa | ||
| 082 | 4 |
_a220.9 _bH565h _222 |
|
| 100 | 1 |
_aHerrero, Ricardo, _eautor _4aut. _984613 |
|
| 245 | 1 | 3 |
_aLa historia del pueblo de DIOS : _b4to. curso / _cRicardo Herrero. |
| 264 | 4 |
_aSanto Domingo : _bEditora Saturno, _c©1987. |
|
| 300 |
_a64 páginas : _bIlustraciones ; _c22 cm. |
||
| 336 |
_atexto _btxt _2rdacontent |
||
| 337 |
_asin mediación _bn _2rdamedia |
||
| 338 |
_avolumen _bnc _2rdacarrier |
||
| 490 | 0 | _aColección vida | |
| 500 | _aLibro de texto. | ||
| 500 | _aLa colección de textos de religión y moral denominada "Vida", ha sido aprobada por la conferencia del Episcopado Dominicano y la Secretaría de Estado de Educación, Bellas Artes y Cultos para ser utilizada en todos los cursos de la educación básica (nivel primario). Santo Domingo, julio 1987. | ||
| 500 | _aEdición especial autorizada a la Unión Nacional de Colegios Católicos de República Dominicana. | ||
| 590 | _aInventariado, 2024/ YL | ||
| 650 | 4 |
_aIglesia católica _xDoctrina _987832 |
|
| 650 | 4 |
_aIglesia católica _xEclesiología _987833 |
|
| 910 | _aYLockward. Validado. Control de calidad/MAA | ||
| 942 |
_2ddc _cLBS1 |
||
| 999 |
_c55979 _d55979 |
||